1959 1225 1262 1449 1827 1769 1046 1685 1713 1941 1906 1296 1360 1632 1231 1374 1966 1158 1399 1862 1782 1473 1701 1019 1003 1631 1337 1651 1665 1113 1371 1087 1087 1564 1854 1712 1056 1464 1342 1169 1445 1255 1728 1479 1188 1289 1080 1895 1623 1655 1885 1112 1552 1697 1059 1239 1667 1286 1399 1787 1358 1145 1454 1607 1499 1552 1628 1324 1240 1072 1888 1805 1806 1950 1857 1792 1814 1654 1979 1343 1522 1862 1559 1328 1206 1099 1713 1649 1996 1724 1334 1067 1453 1414 1982 1909 1653 1653 1956 BCNSPRNW ULIB Ver.6.0+V

เปลี่ยนเป็นภาษาไทย

Change to English
 แสดงรายละเอียดบรรณานุกรม
  กลับหน้าหลัก

Brief Record : Get Marc (ISO 2709) : E-mail record : QR code < ปิดหน้าต่าง
LEADER : 00000nam 2200000uu 4500
001    13399120732
003     ULIB
008    121005s2550||||th 000 0 tha d
020    ^a9789747472240
050 04 ^aBF576^bส588อ
100 0  ^aสันทัด จ่าม่วง
245 10 ^a17 วิธี เป็นคนฉลาดทางอารมณ์ (Emotion Quotient) :^bเพิ่ม EQด้วยแนวคิดเชิงพุทธศาสนา /^cสันทัด จ่าม่วง ; บรรณาธิการ ชัชฏาพร นิ่มอนงค์
246 30 ^aสิบเจ็ดวิธีเป็นคนฉลาดทางอารมณ์
246 31 ^aEmotional Quotient
246 34 ^aEmotional Quotient 17 วิธีเป็นคนฉลาดทางอารมณ์ เพิ่ม EQด้วยแนวคิดเชิงพุทธศาสนา
250    ^aพิมพ์ครั้งที่ 1
260    ^aกรุงเทพฯ :^bบีเวล พับลิชชิ่ง,^c2550
300    ^a130 หน้า :^bภาพประกอบ ;^c18 ซม.
650  4 ^aความฉลาดทางอารมณ์
650  4 ^aอารมณ์^xแง่ศาสนา^xพุทธศาสนา
700 0  ^aชัชฏาพร นิ่มอนงค์,^eบรรณาธิการ
945    ^p150^l0^i14399
949    ^aวิภา
999 ^a ใช้งานได้ทุกระบบ
รายการนี้ยังไม่มีแท็ก
คุณยังไม่ได้ล็อกอิน คุณสามารถมีกิจกรรมร่วมกับเว็บไซต์ได้ แต่ต้องล็อกอินก่อน ::
  ล็อกอิน

รายการสื่อสารสนเทศ

ลำดับที่ ประเภท เลขเรียก/บาร์โค้ด สถานที่ สถานะ
1. วิทยาศาสตร์การแพทย์ และสุขภาพ
วิทยาศาสตร์การแพทย์ และสุขภาพ
BF576 ส588อ  
  Barcode: 14399
ห้องสมุดวิทยาเขตสวรรค์ประชารักษ์
►หนังสือทั่วไป
บนชั้น

รายการใกล้เคียง
    ผู้แต่ง [สันทัด จ่าม่วง]

    หัวเรื่อง [ความฉลาดทางอารมณ์]

BibComment


ยังไม่เคยถูกคอมเมนท์

คอมเมนท์ทรัพยากรรายการนี้
  คอมเมนท์: 17 วิธี เป็นคนฉล..


 Copyright 2026. Bcnsprnw @Library